• 首页
  • 本馆介绍
  • 公告通知
  • 最新文献
  • 馆藏检索
  • 电子资源
  • 读者导购
  • 参考咨询
  • 我的图书馆
  • 登录
  • 详细信息显示
  • 放入我的书架
  • 预约/预借图书
  • 作者相关作品
  • 分类相关作品
  • 丛书相关作品
  • 出版社相关作品

书目信息

  • 表格格式
  • 工作单格式
  • 卡片格式
题名:
说话心理学
    
 
作者: 孟琳 著
分册:  
出版信息: 北京   煤炭工业出版社  2018
页数: 212页
开本: 24cm
丛书名:
单 册:
中图分类: C912.13-49
科图分类:
主题词: 心理交往--xin li jiao wang--语言艺术--通俗读物
电子资源:
ISBN: 978-7-5020-6866-0
000 01291nam0 2200265 450
001 012001002494
005 20131023151700.0
010    @a978-7-5020-6866-0@dCNY42.00
099    @aCAL 012019002478
100    @a20181024d2018 em y0chiy50 ea
101 0  @achi
102    @aCN@b110000
105    @ay z 000yy
106    @ar
200 1  @a说话心理学@Ashuo hua xin li xue@f孟琳著
210    @a北京@c煤炭工业出版社@d2018
215    @a212页@d24cm
312    @a英文题名取自封封面
330    @a《说话心理学》是一本口才类读物, 该书以通俗易懂的语言、有趣而富含深意的案例, 让读者在轻松阅读的同时, 了解语言沟通中的心理学知识, 潜移默化地掌握说话的技巧、与人沟通的智慧等。说话是最容易的, 每个人都会, 但说话也是最不容易的, 很少有人能将之说好。所以我们要多学习, 学习书中讲到的心理学知识、说话技巧、沟通智慧, 然后慢慢锻炼自己, 这样说话水平自然会有提高。本书并不是一味地教条式说教, 而是列举了大量鲜活的案例, 其中既有古今中外的名人的桥段, 又有当代优秀企业家、销售人员的著名案例, 读来生动活泼, 妙趣恒生, 并充满幽默感, 是一本充满智慧与趣味性的自我提升读物。
510 1  @aPsychology of speech@zeng
606 0  @a心理交往@Axin li jiao wang@x语言艺术@j通俗读物
690    @aC912.13-49@v5
701  0 @a孟琳@Ameng lin@4著
801  0 @aCN@b江苏凤凰@c20191020
905    @b1220238-41@dC912.13-49@e1655@f4
    
    说话心理学/孟琳著.-北京:煤炭工业出版社,2018
    212页;24cm
    
    
    ISBN 978-7-5020-6866-0:CNY42.00
    《说话心理学》是一本口才类读物, 该书以通俗易懂的语言、有趣而富含深意的案例, 让读者在轻松阅读的同时, 了解语言沟通中的心理学知识, 潜移默化地掌握说话的技巧、与人沟通的智慧等。说话是最容易的, 每个人都会, 但说话也是最不容易的, 很少有人能将之说好。所以我们要多学习, 学习书中讲到的心理学知识、说话技巧、沟通智慧, 然后慢慢锻炼自己, 这样说话水平自然会有提高。本书并不是一味地教条式说教, 而是列举了大量鲜活的案例, 其中既有古今中外的名人的桥段, 又有当代优秀企业家、销售人员的著名案例, 读来生动活泼, 妙趣恒生, 并充满幽默感, 是一本充满智慧与趣味性的自我提升读物。
●
相关链接 在E读中查询图书 在五车中查询图书 在当当中查询图书 在豆瓣中查询图书


正题名:说话心理学     索取号:C912.13-49/1655         预约/预借

序号 登录号 条形码 馆藏地/架位号 状态 备注
1 1220238   212202383   第一样本阅览室/ [索取号:C912.13-49/1655] 在馆    
2 1220239   212202392   教育系资料室/ [索取号:C912.13-49/1655] 在馆    
3 1220240   212202409   教育系资料室/ [索取号:C912.13-49/1655] 在馆    
4 1220241   212202418   第一借阅区/ [索取号:C912.13-49/1655] 在馆    
唐山师范学院图书馆 欢迎您!
大连网信软件有限公司© 版权所有